[Event "Croatian junior league 2021"]
[Site "Rabac"]
[Date "2021.04.08"]
[Round "6.17"]
[White "Cvitan, Ena"]
[Black "Bunic, Emanuel"]
[Result "1-0"]
[WhiteElo "2263"]
[BlackElo "1839"]
[Annotator "NA"]
[PlyCount "75"]
[EventDate "2021.04.06"]
[EventType "swiss"]
[EventCountry "CRO"]
[SourceTitle "playchess.com"]
[Source "ChessBase"]
[SourceQuality "1"]
[TimeControl "5400+30"]

1. d4 {[%emt 0:11:46]} Nf6 {[%emt 0:00:00]} 2. c4 {[%emt 0:00:10]} e6 {[%emt 0:00:00]} 3. Nc3 {[%emt 0:00:27]} Bb4 {[%emt 0:00:19]} 4. e3 {[%emt 0:00:05]} c5 {[%emt 0:01:31]} 5. Bd3 {[%emt 0:02:25]} O-O {[%emt 0:01:17]} 6. Nge2 {[%emt 0:00:37]} d6 {[%emt 0:01:48]} 7. O-O {[%emt 0:00:34]} Re8 {[%emt 0:01:26]} 8. Qc2 {[%emt 0:02:14]} Nc6 {[%emt 0:01:54]} 9. Bd2 {[%emt 0:04:26]} h6 {[%emt 0:04:22]} 10. a3 {[%emt 0:07:14]} Ba5 {[%emt 0:01:27]} 11. Rad1 {[%emt 0:03:09]} Qe7 {[%emt 0:06:33]} 12. Qc1 {[%emt 0:15:05]} Bc7 {[%emt 0:09:27]} 13. f3 {[%emt 0:07:13]} b6 {[%emt 0:06:57]} 14. Ne4 {[%emt 0:02:44]} Bb7 {[%emt 0:01:57]} 15. Nxf6+ {[%emt 0:03:22]} Qxf6 {[%emt 0:00:42]} 16. d5 {[%emt 0:00:33]} exd5 {[%emt 0:04:10]} 17. cxd5 {[%emt 0:00:12]} Ne5 {[%emt 0:07:51]} 18. Bb1 {[%emt 0:02:22]} Ba6 {[%emt 0:04:06]} 19. Rfe1 {[%emt 0:07:18]} Qh4 {[%emt 0:15:34]} 20. Bc3 {[%emt 0:02:55]} Bd8 {[%emt 0:02:43]} 21. Ng3 {[%emt 0:02:01]} g6 {[%emt 0:05:19]} 22. Ne4 {[%emt 0:02:06]} Be7 {[%emt 0:01:47]} 23. b3 {[%emt 0:14:47]} f5 {[%emt 0:02:08]} 24. Nf2 {[%emt 0:00:25]} Bf8 {[%emt 0:01:56]} 25. Qb2 {[%emt 0:01:11]} Rac8 {[%emt 0:02:10]} 26. f4 {[%emt 0:03:19]} Ng4 {[%emt 0:01:07]} 27. Nxg4 {[%emt 0:00:02]} Qxg4 {[%emt 0:00:22]} 28. Rd2 {[%emt 0:03:24]} Rc7 {[%emt 0:00:54]} 29. Rf2 {[%emt 0:00:52]} Bg7 {[%emt 0:05:22]} 30. Rf3 {[%emt 0:00:41]} Bxc3 {[%emt 0:01:38]} 31. Qxc3 {[%emt 0:00:04]} Kh7 {[%emt 0:02:19]} 32. Qf6 {[%emt 0:00:33]} Rd7 {[%emt 0:00:01]} 33. Rg3 {[%emt 0:00:28]} Qh5 {[%emt 0:00:28]} 34. Rxg6 {[%emt 0:00:33]} Rxe3 {[%emt 0:06:14]} 35. Rxe3 {[%emt 0:00:21]} Qd1+ {[%emt 0:00:07]} 36. Kf2 {[%emt 0:00:01]} Qd2+ {[%emt 0:00:50]} 37. Kf3 {[%emt 0:00:24]} Qxd5+ {[%emt 0:00:56]} 38. Kg3 {[%emt 0:00:09]} 1-0

[Event "Croatian junior league 2021"]
[Site "Rabac"]
[Date "2021.04.08"]
[Round "6.18"]
[White "Zadro, Matej"]
[Black "Ghersinich, Enrico"]
[Result "0-1"]
[WhiteElo "1742"]
[BlackElo "2186"]
[Annotator "NA"]
[PlyCount "72"]
[EventDate "2021.04.06"]
[EventType "swiss"]
[EventCountry "CRO"]
[SourceTitle "playchess.com"]
[Source "ChessBase"]
[SourceQuality "1"]
[TimeControl "5400+30"]

1. e4 {[%emt 0:00:00]} c5 {[%emt 0:01:15]} 2. Nf3 {[%emt 0:00:02]} e6 {[%emt 0:00:53]} 3. d4 {[%emt 0:00:20]} cxd4 {[%emt 0:00:12]} 4. Nxd4 {[%emt 0:00:06]} Nf6 {[%emt 0:00:42]} 5. Nc3 {[%emt 0:00:07]} Bb4 {[%emt 0:00:19]} 6. e5 {[%emt 0:01:25]} Nd5 {[%emt 0:00:19]} 7. Bd2 {[%emt 0:01:11]} Bxc3 {[%emt 0:00:11]} 8. bxc3 {[%emt 0:04:58]} O-O {[%emt 0:00:15]} 9. Bd3 {[%emt 0:01:52]} Nc6 {[%emt 0:01:07]} 10. Qh5 {[%emt 0:08:08]} f5 {[%emt 0:04:43]} 11. Nxc6 {[%emt 0:08:21]} bxc6 {[%emt 0:00:57]} 12. O-O {[%emt 0:04:01]} Qc7 {[%emt 0:05:21]} 13. Rfe1 {[%emt 0:05:15]} c5 {[%emt 0:04:13]} 14. c4 {[%emt 0:09:37]} Ne7 {[%emt 0:07:32]} 15. Rad1 {[%emt 0:12:29]} Bb7 {[%emt 0:07:52]} 16. Re3 {[%emt 0:12:31]} g6 {[%emt 0:01:02]} 17. Qh4 {[%emt 0:05:00]} Rf7 {[%emt 0:00:18]} 18. Rde1 {[%emt 0:03:54]} Qc6 {[%emt 0:05:09]} 19. Rg3 {[%emt 0:05:22]} Raf8 {[%emt 0:10:12]} 20. Bg5 {[%emt 0:08:14]} f4 {[%emt 0:01:41]} 21. Be4 {[%emt 0:00:31]} fxg3 {[%emt 0:00:31]} 22. hxg3 {[%emt 0:03:59]} Nf5 {[%emt 0:01:26]} 23. Bxc6 {[%emt 0:00:15]} Nxh4 {[%emt 0:00:10]} 24. Bxb7 {[%emt 0:00:10]} Nf5 {[%emt 0:00:11]} 25. Be4 {[%emt 0:02:05]} Rb8 {[%emt 0:00:48]} 26. g4 {[%emt 0:00:39]} Nd4 {[%emt 0:01:32]} 27. c3 {[%emt 0:01:12]} Nc6 {[%emt 0:00:14]} 28. Be3 {[%emt 0:00:47]} Nxe5 {[%emt 0:03:12]} 29. Bxc5 {[%emt 0:00:36]} Nxc4 {[%emt 0:00:54]} 30. Bxa7 {[%emt 0:00:39]} Rb2 {[%emt 0:00:10]} 31. Bd3 {[%emt 0:00:35]} Rxa2 {[%emt 0:01:34]} 32. Bc5 {[%emt 0:00:59]} Nb2 {[%emt 0:01:56]} 33. Be4 {[%emt 0:00:38]} d5 {[%emt 0:02:24]} 34. Bf3 {[%emt 0:00:29]} Nd3 {[%emt 0:00:19]} 35. Rxe6 {[%emt 0:00:30]} Nxc5 {[%emt 0:00:19]} 36. Rc6 {[%emt 0:00:26]} Ne4 {[%emt 0:00:32]} 0-1

[Event "Croatian junior league 2021"]
[Site "Rabac"]
[Date "2021.04.08"]
[Round "6.19"]
[White "Purini, Bruno"]
[Black "Horcicka, Jan"]
[Result "0-1"]
[WhiteElo "1987"]
[BlackElo "1698"]
[Annotator "NA"]
[PlyCount "42"]
[EventDate "2021.04.06"]
[EventType "swiss"]
[EventCountry "CRO"]
[SourceTitle "playchess.com"]
[Source "ChessBase"]
[SourceQuality "1"]
[TimeControl "5400+30"]

1. e4 {[%emt 0:00:51]} e5 {[%emt 0:00:00]} 2. Nf3 {[%emt 0:00:06]} Nc6 {[%emt 0:00:00]} 3. Bc4 {[%emt 0:00:24]} Bc5 {[%emt 0:00:54]} 4. O-O {[%emt 0:00:20]} Nf6 {[%emt 0:00:30]} 5. Nc3 {[%emt 0:00:32]} d6 {[%emt 0:00:58]} 6. h3 {[%emt 0:00:33]} h6 {[%emt 0:00:50]} 7. a3 {[%emt 0:01:05]} g5 {[%emt 0:02:30]} 8. b4 {[%emt 0:04:37]} Bb6 {[%emt 0:00:57]} 9. b5 {[%emt 0:04:11]} Na5 {[%emt 0:02:55]} 10. Be2 {[%emt 0:02:43]} Rg8 {[%emt 0:14:08]} 11. d4 {[%emt 0:23:48]} g4 {[%emt 0:09:11]} 12. hxg4 {[%emt 0:00:44]} exd4 {[%emt 0:00:22]} 13. Nxd4 {[%emt 0:00:43]} Nxg4 {[%emt 0:00:53]} 14. Nf5 {[%emt 0:03:08]} Bxf5 {[%emt 0:21:25]} 15. exf5 {[%emt 0:00:13]} Qh4 {[%emt 0:00:16]} 16. Bxg4 {[%emt 0:00:32]} Rxg4 {[%emt 0:00:10]} 17. Nd5 {[%emt 0:05:48]} O-O-O {[%emt 0:17:17]} 18. Qf3 {[%emt 0:03:08]} Rdg8 {[%emt 0:07:14]} 19. Nf4 {[%emt 0:05:11]} Nc4 {[%emt 0:08:09]} 20. a4 {[%emt 0:02:27]} Ne5 {[%emt 0:02:40]} 21. Qh3 {[%emt 0:01:15]} Rxf4 {[%emt 0:01:42]} 0-1

[Event "Croatian junior league 2021"]
[Site "Rabac"]
[Date "2021.04.08"]
[Round "6.20"]
[White "Kostic, Lovro"]
[Black "Muha, Magdalena"]
[Result "0-1"]
[WhiteElo "1367"]
[BlackElo "1806"]
[Annotator "NA"]
[PlyCount "88"]
[EventDate "2021.04.06"]
[EventType "swiss"]
[EventCountry "CRO"]
[SourceTitle "playchess.com"]
[Source "ChessBase"]
[SourceQuality "1"]
[TimeControl "5400+30"]

1. d4 {[%emt 0:00:00]} d5 {[%emt 0:00:00]} 2. c4 {[%emt 0:00:00]} c6 {[%emt 0:00:11]} 3. Nc3 {[%emt 0:00:29]} Nf6 {[%emt 0:01:10]} 4. e3 {[%emt 0:00:21]} g6 {[%emt 0:03:01]} 5. Nf3 {[%emt 0:02:34]} Bg7 {[%emt 0:01:56]} 6. b3 {[%emt 0:02:34]} O-O {[%emt 0:01:05]} 7. Bb2 {[%emt 0:02:07]} Re8 {[%emt 0:02:04]} 8. Be2 {[%emt 0:04:04]} Nbd7 {[%emt 0:13:44]} 9. cxd5 {[%emt 0:03:44]} cxd5 {[%emt 0:00:53]} 10. O-O {[%emt 0:01:00]} Nf8 {[%emt 0:09:12]} 11. Rc1 {[%emt 0:04:44]} a6 {[%emt 0:01:15]} 12. Re1 {[%emt 0:04:54]} Ne4 {[%emt 0:04:56]} 13. Nxe4 {[%emt 0:06:23]} dxe4 {[%emt 0:00:07]} 14. Ne5 {[%emt 0:01:57]} Be6 {[%emt 0:02:03]} 15. Qc2 {[%emt 0:02:00]} f6 {[%emt 0:03:07]} 16. Nc4 {[%emt 0:02:01]} Bd5 {[%emt 0:06:33]} 17. Nd2 {[%emt 0:03:06]} Rc8 {[%emt 0:06:02]} 18. Bc4 {[%emt 0:03:40]} Kh8 {[%emt 0:06:07]} 19. Qb1 {[%emt 0:03:38]} f5 {[%emt 0:00:42]} 20. Bxd5 {[%emt 0:00:45]} Qxd5 {[%emt 0:00:27]} 21. Rxc8 {[%emt 0:03:10]} Rxc8 {[%emt 0:00:02]} 22. Nc4 {[%emt 0:00:48]} Nd7 {[%emt 0:13:17]} 23. Rc1 {[%emt 0:12:59]} Rd8 {[%emt 0:01:54]} 24. g3 {[%emt 0:04:39]} g5 {[%emt 0:02:17]} 25. Re1 {[%emt 0:05:21]} b5 {[%emt 0:03:21]} 26. Nd2 {[%emt 0:01:58]} e5 {[%emt 0:00:40]} 27. g4 {[%emt 0:09:55]} exd4 {[%emt 0:01:41]} 28. exd4 {[%emt 0:01:50]} Bxd4 {[%emt 0:03:35]} 29. gxf5 {[%emt 0:00:43]} Kg8 {[%emt 0:03:43]} 30. Bxd4 {[%emt 0:00:30]} Qxd4 {[%emt 0:00:05]} 31. Nxe4 {[%emt 0:00:10]} Ne5 {[%emt 0:00:55]} 32. Re3 {[%emt 0:02:37]} g4 {[%emt 0:01:43]} 33. Kg2 {[%emt 0:02:35]} Qd5 {[%emt 0:01:24]} 34. Kg3 {[%emt 0:01:59]} Rf8 {[%emt 0:00:35]} 35. Nc3 {[%emt 0:02:20]} Qd6 {[%emt 0:00:46]} 36. Ne4 {[%emt 0:02:25]} Qh6 {[%emt 0:00:38]} 37. Kg2 {[%emt 0:02:37]} Nf3 {[%emt 0:00:38]} 38. Kf1 {[%emt 0:00:31]} Qxh2 {[%emt 0:00:50]} 39. Ke2 {[%emt 0:00:33]} Nd4+ {[%emt 0:01:01]} 40. Kd3 {[%emt 0:00:59]} Nxf5 {[%emt 0:00:16]} 41. Re2 {[%emt 0:00:56]} Rd8+ {[%emt 0:00:22]} 42. Kc3 {[%emt 0:00:16]} Qe5+ {[%emt 0:00:14]} 43. Kb4 {[%emt 0:00:41]} Rd4+ {[%emt 0:00:36]} 44. Ka3 {[%emt 0:00:10]} b4+ {[%emt 0:00:23]} 0-1

[Event "Croatian junior league 2021"]
[Site "Rabac"]
[Date "2021.04.08"]
[Round "6.21"]
[White "Karlusic, Luka"]
[Black "Kovac, Petar"]
[Result "1/2-1/2"]
[WhiteElo "2047"]
[BlackElo "2089"]
[Annotator "NA"]
[PlyCount "55"]
[EventDate "2021.04.06"]
[EventType "swiss"]
[EventCountry "CRO"]
[SourceTitle "playchess.com"]
[Source "ChessBase"]
[SourceQuality "1"]
[TimeControl "5400+30"]

1. d4 {[%emt 0:00:00]} d5 {[%emt 0:00:00]} 2. c4 {[%emt 0:00:00]} e6 {[%emt 0:00:00]} 3. Nc3 {[%emt 0:00:00]} Nf6 {[%emt 0:00:00]} 4. cxd5 {[%emt 0:00:00]} exd5 {[%emt 0:00:00]} 5. Bg5 {[%emt 0:00:00]} c6 {[%emt 0:00:04]} 6. Qc2 {[%emt 0:00:03]} Be7 {[%emt 0:00:08]} 7. e3 {[%emt 0:00:05]} O-O {[%emt 0:00:05]} 8. Bd3 {[%emt 0:00:04]} Nbd7 {[%emt 0:00:07]} 9. Nge2 {[%emt 0:00:29]} Re8 {[%emt 0:00:08]} 10. O-O {[%emt 0:00:10]} Nf8 {[%emt 0:00:31]} 11. Rae1 {[%emt 0:03:25]} g6 {[%emt 0:02:29]} 12. Bh4 {[%emt 0:02:50]} Ne6 {[%emt 0:03:05]} 13. f3 {[%emt 0:05:22]} a6 {[%emt 0:12:36]} 14. Qb3 {[%emt 0:07:16]} b5 {[%emt 0:03:41]} 15. Kh1 {[%emt 0:07:58]} Bb7 {[%emt 0:03:03]} 16. Bb1 {[%emt 0:05:41]} Rc8 {[%emt 0:08:02]} 17. e4 {[%emt 0:26:43]} dxe4 {[%emt 0:12:31]} 18. fxe4 {[%emt 0:00:00]} Nxd4 {[%emt 0:02:47]} 19. Nxd4 {[%emt 0:00:00]} Qxd4 {[%emt 0:00:02]} 20. Bxf6 {[%emt 0:00:00]} Bxf6 {[%emt 0:00:14]} 21. e5 {[%emt 0:00:00]} Rxe5 {[%emt 0:00:51]} 22. Rd1 {[%emt 0:00:00]} Qh4 {[%emt 0:02:12]} 23. Rd7 {[%emt 0:00:00]} Re7 {[%emt 0:07:39]} 24. Rxe7 {[%emt 0:00:00]} Bxe7 {[%emt 0:00:19]} 25. Rxf7 {[%emt 0:00:00]} Kh8 {[%emt 0:05:23]} 26. Qe6 {[%emt 0:04:28]} Bd6 {[%emt 0:02:44]} 27. h3 {[%emt 0:00:26]} Rf8 {[%emt 0:03:08]} 28. Rxf8+ {[%emt 0:04:16]} 1/2-1/2

[Event "Croatian junior league 2021"]
[Site "Rabac"]
[Date "2021.04.08"]
[Round "6.22"]
[White "Stjepic, Borna"]
[Black "Mahecic, Lovre"]
[Result "0-1"]
[WhiteElo "1825"]
[BlackElo "1981"]
[Annotator "NA"]
[PlyCount "41"]
[EventDate "2021.04.06"]
[EventType "swiss"]
[EventCountry "CRO"]
[SourceTitle "playchess.com"]
[Source "ChessBase"]
[SourceQuality "1"]
[TimeControl "5400+30"]

1. e4 {[%emt 0:00:00]} e5 {[%emt 0:00:00]} 2. Nc3 {[%emt 0:00:00]} Nc6 {[%emt 0:00:00]} 3. g3 {[%emt 0:00:00]} Bc5 {[%emt 0:00:00]} 4. Bg2 {[%emt 0:00:00]} d6 {[%emt 0:00:00]} 5. Na4 {[%emt 0:00:15]} Bb6 {[%emt 0:00:09]} 6. Nxb6 {[%emt 0:00:02]} axb6 {[%emt 0:00:09]} 7. Ne2 {[%emt 0:00:03]} f5 {[%emt 0:00:45]} 8. d4 {[%emt 0:07:28]} fxe4 {[%emt 0:02:30]} 9. dxe5 {[%emt 0:00:17]} Nxe5 {[%emt 0:00:19]} 10. Bxe4 {[%emt 0:00:02]} Nf6 {[%emt 0:00:35]} 11. Bg2 {[%emt 0:00:34]} O-O {[%emt 0:00:57]} 12. h3 {[%emt 0:05:29]} Kh8 {[%emt 0:01:37]} 13. O-O {[%emt 0:04:55]} Bd7 {[%emt 0:01:14]} 14. Nf4 {[%emt 0:05:07]} Qc8 {[%emt 0:02:47]} 15. Kh2 {[%emt 0:03:36]} Bc6 {[%emt 0:00:33]} 16. b3 {[%emt 0:04:36]} Bxg2 {[%emt 0:01:17]} 17. Kxg2 {[%emt 0:00:26]} Ne4 {[%emt 0:05:59]} 18. Qh5 {[%emt 0:11:14]} Qd7 {[%emt 0:06:46]} 19. Bb2 {[%emt 0:03:10]} Qc6 {[%emt 0:04:23]} 20. Qd1 {[%emt 0:10:36]} Nc3+ {[%emt 0:00:22]} 21. Qd5 {[%emt 0:00:44]} 0-1

[Event "Croatian junior league 2021"]
[Site "Rabac"]
[Date "2021.04.08"]
[Round "6.23"]
[White "Mrvac, Petar"]
[Black "Vukojevic, Toni"]
[Result "1/2-1/2"]
[WhiteElo "1908"]
[BlackElo "1538"]
[Annotator "NA"]
[PlyCount "59"]
[EventDate "2021.04.06"]
[EventType "swiss"]
[EventCountry "CRO"]
[SourceTitle "playchess.com"]
[Source "ChessBase"]
[SourceQuality "1"]
[TimeControl "5400+30"]

1. d4 {[%emt 0:00:00]} d5 {[%emt 0:00:00]} 2. Bf4 {[%emt 0:00:00]} Bf5 {[%emt 0:00:00]} 3. e3 {[%emt 0:00:00]} Nf6 {[%emt 0:00:33]} 4. c3 {[%emt 0:00:09]} e6 {[%emt 0:00:30]} 5. Bd3 {[%emt 0:00:10]} Bg6 {[%emt 0:00:21]} 6. Nf3 {[%emt 0:00:47]} Nbd7 {[%emt 0:00:34]} 7. Bxg6 {[%emt 0:00:18]} hxg6 {[%emt 0:00:10]} 8. Nbd2 {[%emt 0:00:48]} Nh5 {[%emt 0:00:37]} 9. Ne5 {[%emt 0:00:54]} Nxf4 {[%emt 0:00:44]} 10. exf4 {[%emt 0:00:06]} Bd6 {[%emt 0:01:18]} 11. Ndf3 {[%emt 0:01:40]} Bxe5 {[%emt 0:00:26]} 12. fxe5 {[%emt 0:01:33]} c5 {[%emt 0:01:03]} 13. Qd2 {[%emt 0:04:53]} Qc7 {[%emt 0:03:33]} 14. O-O {[%emt 0:01:12]} O-O {[%emt 0:05:21]} 15. Ng5 {[%emt 0:04:45]} Rfe8 {[%emt 0:01:46]} 16. Qe3 {[%emt 0:02:05]} cxd4 {[%emt 0:01:22]} 17. cxd4 {[%emt 0:01:30]} Nf8 {[%emt 0:00:14]} 18. Rac1 {[%emt 0:01:20]} Qe7 {[%emt 0:00:09]} 19. f4 {[%emt 0:03:39]} Rac8 {[%emt 0:02:22]} 20. Rc3 {[%emt 0:01:55]} Rc6 {[%emt 0:02:02]} 21. Rxc6 {[%emt 0:06:01]} bxc6 {[%emt 0:00:07]} 22. Qc3 {[%emt 0:01:48]} Rc8 {[%emt 0:01:25]} 23. Rc1 {[%emt 0:00:57]} f6 {[%emt 0:02:20]} 24. Nf3 {[%emt 0:03:00]} Nd7 {[%emt 0:00:59]} 25. Qa5 {[%emt 0:03:47]} Nb6 {[%emt 0:00:30]} 26. b3 {[%emt 0:01:03]} Qc7 {[%emt 0:04:09]} 27. Qc5 {[%emt 0:05:57]} Kf7 {[%emt 0:01:47]} 28. Qc2 {[%emt 0:10:17]} Nd7 {[%emt 0:02:27]} 29. Nh4 {[%emt 0:05:19]} Nf8 {[%emt 0:00:21]} 30. g4 {[%emt 0:08:43]} 1/2-1/2

[Event "Croatian junior league 2021"]
[Site "Rabac"]
[Date "2021.04.09"]
[Round "7.1"]
[White "Bunic, Emanuel"]
[Black "Mahecic, Lovre"]
[Result "1/2-1/2"]
[WhiteElo "1839"]
[BlackElo "1958"]
[Annotator "TA"]
[PlyCount "99"]
[EventDate "2021.04.06"]
[EventType "swiss"]
[EventCountry "CRO"]
[SourceTitle "playchess.com"]
[Source "ChessBase"]
[SourceQuality "1"]

{[%evp 20,99,25,31,63,53,87,59,56,62,57,33,64,64,69,78,74,43,65,56,73,73,72,68,90,91,94,103,107,107,102,104,116,91,99,95,118,99,93,84,87,87,82,57,60,58,92,89,90,50,57,22,22,22,26,34,86,78,97,97,103,103,104,102,94,79,102,92,97,43,43,37,104,104,130,130,128,0,125,0,122,0]} 1. d4 Nf6 2. c4 e5 3. dxe5 Ng4 4. Bf4 Nc6 5. Nf3 Bb4+ 6. Nbd2 Qe7 7. e3 Ngxe5 8. Nxe5 Nxe5 9. Be2 d6 10. O-O O-O 11. Nb3 Ng6 {A52: Budapest Gambit.} 12. Bg3 Be6 13. a3 Bc5 {White is slightly better.} 14. Nxc5 dxc5 15. Qb3 c6 {[#]} 16. Rad1 $146 {[#] And now Bd6 would win.} ({Predecessor:} 16. Rfd1 Rfd8 17. Qa4 f6 18. Qa5 Ne5 19. b3 Bg4 20. Bxg4 Nxg4 21. Rxd8+ Rxd8 22. Qxa7 {1-0 (45) Karolyi,T (2440)-Mufics,I (2265) Helsinki 1990}) 16... Rad8 17. Rxd8 Rxd8 18. Qc2 (18. Rd1 $5 {[%cal Rd1d8]}) 18... Nf8 19. Rd1 Rd7 20. h3 Qd8 21. Rxd7 Qxd7 22. Qd3 Qxd3 23. Bxd3 $16 {[%mdl 4096] Endgame KBB-KBN} Nd7 24. Bd6 f6 25. b3 Kf7 26. Kf1 ({Inferior is} 26. Bxh7 g6 $17) 26... g6 27. Ke1 Ke8 28. Be4 Kf7 29. Ke2 f5 30. Bf3 Kf6 31. g3 Bf7 32. Bc7 Ne5 33. Bg2 Nd7 34. Ba5 Ke6 35. Bc3 Kd6 36. Kd3 b5 37. Bg7 bxc4+ (37... a5 $14) 38. bxc4 Kc7 39. Kc3 Nb6 40. Bf1 Nd7 41. Bd3 Kd6 42. Be2 Be6 43. Bh6 Nf6 44. Bf3 ({Better is} 44. Bf4+ $16 Ke7 45. f3) 44... Kc7 $14 45. Kd3 Nd7 ({Black should try} 45... Ne8 $14) 46. Bf4+ $16 Kb7 47. Be2 Nf6 48. Bf3 Nd7 $1 {intending ...Nb6.} 49. Be2 Nf6 $1 50. Bf3 {Weighted Error Value: White=0.14/Black=0.10} (50. f3 $16) 1/2-1/2

[Event "Croatian junior league 2021"]
[Site "Rabac"]
[Date "2021.04.09"]
[Round "7.2"]
[White "Novosel, Lovro"]
[Black "Zadro, Matej"]
[Result "0-1"]
[WhiteElo "1997"]
[BlackElo "1742"]
[Annotator "TA"]
[PlyCount "78"]
[EventDate "2021.04.06"]
[EventType "swiss"]
[EventCountry "CRO"]
[SourceTitle "playchess.com"]
[Source "ChessBase"]
[SourceQuality "1"]

{[%evp 21,78,20,33,6,16,-13,27,-5,37,27,21,21,35,29,104,100,114,117,123,112,112,111,125,129,122,62,183,115,107,-14,-12,-109,-115,-129,-128,-123,-101,-121,-119,-255,-93,-252,-172,-472,-441,-639,-622,-762,-762,-900,-741,-1058,-890,-29990,-29991,-29991,-29992,-29992,-29993]} 1. Nf3 Nf6 2. g3 g6 3. Bg2 Bg7 4. O-O O-O 5. c4 d6 6. d4 c6 7. Nc3 Bf5 8. b3 Ne4 9. Bb2 Nxc3 10. Bxc3 Be4 11. Qd2 d5 12. Rfc1 {[#] E62: King's Indian: Fianchetto: 6...c6 and Panno Variation (6...Nc6) without ...a6.} Nd7 $146 ({Predecessor:} 12... e6 13. a4 Nd7 14. e3 Re8 {½-½ (14) Cordova,E (2611)-Bruzon Batista,L (2678) Villahermosa 2014}) 13. c5 f6 14. b4 {White has an edge.} Bxf3 15. exf3 e5 16. a4 exd4 17. Bxd4 Ne5 (17... f5 $11 {remains equal.}) 18. f4 $16 Nd7 19. Qc3 Qe7 20. Re1 Qf7 {[#]} 21. f5 $1 gxf5 {[#]} 22. f4 $1 Rfe8 23. Qd3 (23. b5 $16) 23... Qh5 ({Better is} 23... Re4 $1 $14) 24. Bf3 (24. b5 $18) 24... Qg6 25. Kf2 {[#]} (25. b5 $16) 25... Ne5 $1 $11 {[%cal Re5d3]} 26. Qb3 (26. fxe5 $11 {keeps the balance.} fxe5 27. Bxd5+ Kh8 28. Bxc6 Qxc6 29. Bc3) (26. Bxd5+ Kh8) 26... Nxf3 $17 27. Qxf3 Re4 28. Red1 Rae8 29. Rd2 Qg4 30. b5 (30. Qxg4 $17 fxg4 31. b5) 30... Bf8 $2 (30... Qh3 $19 31. Rh1 a6) 31. Qd3 $2 (31. Qxg4+ $17 fxg4 32. Kf1) 31... Qh3 32. Rh1 $2 (32. Kg1 {is the only way for White.}) 32... Bh6 33. Qf3 (33. Qf1 $142 Rxf4+ {[%mdl 64] Deflection} 34. gxf4 Qh4+ {[%mdl 64] Double Attack} 35. Kg2 (35. Kg1 $2 Re1 $19) 35... Qg4+ 36. Kf2 Qxf4+ 37. Kg1 Qxd2 38. Qg2+ Kf7 39. Qxd2 Bxd2 40. Bf2) 33... Kf7 $19 34. bxc6 bxc6 35. a5 a6 36. Ba1 Re3 37. Qd1 {[#]} Bxf4 $1 {[%mdl 512] Black mates.} 38. Qg1 {[#]} Qg4 $1 {[%csl Ge3][%cal Rg4f3]} 39. Qd1 Bxg3+ {Weighted Error Value: White=0.92/Black=0.31} 0-1

[Event "Croatian junior league 2021"]
[Site "Rabac"]
[Date "2021.04.09"]
[Round "7.3"]
[White "Horcicka, Jan"]
[Black "Mrvac, Petar"]
[Result "1-0"]
[WhiteElo "1698"]
[BlackElo "1908"]
[Annotator "TA"]
[PlyCount "53"]
[EventDate "2021.04.06"]
[EventType "swiss"]
[EventCountry "CRO"]
[SourceTitle "playchess.com"]
[Source "ChessBase"]
[SourceQuality "1"]

{[%evp 16,53,36,17,14,16,19,9,11,-15,-5,-31,-32,-39,3,-2,0,0,70,75,243,222,221,164,173,150,444,0,0,0,0,0,29991,29992,29992,29993,29993,29994,29994,842]} 1. e4 c5 2. Nf3 e6 3. d4 cxd4 4. Nxd4 a6 5. Bd3 Nc6 6. Nxc6 bxc6 7. Nc3 d5 8. O-O Nf6 9. Re1 Be7 {B46: Sicilian: Taimanov: 5 Nc3 a6.} 10. Bf4 O-O 11. e5 Nd7 {[#] The position is equal.} 12. Re3 $146 (12. Na4 {keeps more tension.} c5 13. c4 d4 14. Be4 Rb8 15. b3) ({Predecessor:} 12. Na4 c5 13. c4 Nb6 14. Qc2 Nxa4 15. Bxh7+ Kh8 16. Re3 g5 17. Bd3 Rg8 18. Rh3+ {1-0 (57) Akopian,V (2679)-Zivkovic,V (2429) Kallithea 2008}) 12... g6 13. Rh3 f5 14. Qf3 Bg5 15. Re1 Rb8 16. Ne2 c5 ({Don't play} 16... Rxb2 17. Bxg5 Qxg5 18. Nd4 $17) (16... Qa5 $11 17. c3 Bxf4 18. Nxf4 Rxb2) 17. Qg3 $14 Bxf4 (17... Be7 $16) 18. Nxf4 $18 {Rxh7! is the strong threat.} Qe8 19. Qh4 {[%csl Gh3][%cal Rh4h7]} Rf7 {[#]} 20. Nxg6 $1 {[%mdl 512] And now Rg3 would win.} Rxb2 $2 {[#]} (20... Nf8 $16 {was necessary.} 21. Nf4 Qe7) 21. Ree3 $2 Rb1+ $1 $11 22. Bf1 {Black must now prevent Reg3.} a5 $1 {Threatens to win with ...Ba6.} 23. Reg3 {Strongly threatening Qh6.} Rg7 $2 {[%mdl 8192]} (23... Ba6 $11 24. Nf4+ Kh8 25. Ng6+ Kg8 26. Ne7+ {[%mdl 64] Discovered Attack (Double check)} Kh8 27. Ng6+ Kg8) 24. Ne7+ {White mates.} Kh8 25. Rxg7 Kxg7 26. Qxh7+ Kf8 27. Ng6+ {Weighted Error Value: White=0.35/Black=0.54} (27. Qg8+ $142 Kxe7 28. Qg5+ Nf6 29. Rh7+ Qf7 30. Qxf6+ {[%mdl 64] Double Attack, Pin} Ke8 31. Qxf7+ Kd8 32. Rh8#) 1-0